| 000 | 00901nam a2200265 i 4500 | ||
|---|---|---|---|
| 001 | 18358 | ||
| 003 | ES-MaACL | ||
| 005 | 20250720042543.0 | ||
| 007 | t| | ||
| 008 | 011106s2001 sp ||||1| spa d | ||
| 020 | _a84-95394-27-8 | ||
| 080 | _a2:394(460.28) | ||
| 080 | _a248.159(460.288) | ||
| 100 | 1 |
_aMeya Iñiguez, María Mercedes. _980772 |
|
| 245 | 1 | 0 |
_aAlbacete antiguo _b: las devociones perdidas / _cMaría Mercedes Maya Iñiguez. |
| 260 |
_aAlbacete : _bInstituto de Estudios Albacetenses "Don Juan Manuel", _c2001. |
||
| 300 |
_a268 p. : _bil. ; _c2001. |
||
| 490 | 1 |
_aSerie I--Estudios ; _v131 |
|
| 650 |
_aReligiosidad popular- _zAlbacete (Provincia) _9172672 |
||
| 650 | 1 | 7 |
_aSantos- _xCulto _2 _9143966 |
| 710 | 2 |
_aInstituto de Estudios Albacetenses. _94884 |
|
| 830 | 0 |
_aSerie I--Estudios ; _v131 _9179228 |
|
| 852 |
_aES-MaACL _jL-25036 _bR.130555 |
||
| 999 |
_c18358 _d18358 |
||